Pepita / (Record no. 23702)
[ view plain ]
| 000 -LEADER | |
|---|---|
| fixed length control field | 01012nam a2200277 a 4500 |
| 001 - CONTROL NUMBER | |
| control field | 23702 |
| 003 - CONTROL NUMBER IDENTIFIER | |
| rucl marc code | BD-RjUL |
| 005 - DATE AND TIME OF LATEST TRANSACTION | |
| control field | 20211209000948.0 |
| 008 - FIXED-LENGTH DATA ELEMENTS--GENERAL INFORMATION | |
| fixed length control field | 140311r1947 enkcfa 000 0 eng d |
| 035 ## - SYSTEM CONTROL NUMBER | |
| System control number | (BD-RjUL) 23767 |
| 040 ## - CATALOGING SOURCE | |
| Original cataloging agency | DLC |
| Transcribing agency | DLC |
| Modifying agency | BD-RjUL |
| Language of cataloging | eng |
| 041 ## - LANGUAGE CODE | |
| Language code of text/sound track or separate title | eng |
| 082 ## - DEWEY DECIMAL CLASSIFICATION NUMBER | |
| Classification number | 927.933 |
| Author mark and year | SAP 1947 |
| 100 1# - MAIN ENTRY--PERSONAL NAME | |
| Personal name | Sackville-West, V. |
| Fuller form of name | (Victoria), |
| Dates associated with a name | 1892-1962. |
| 9 (RLIN) | 72979 |
| 245 10 - TITLE STATEMENT | |
| Title | Pepita / |
| Statement of responsibility, etc. | V. Sackville-West. |
| 260 ## - PUBLICATION, DISTRIBUTION, ETC. (IMPRINT) | |
| Place of publication, distribution, etc. | London : |
| Name of publisher, distributor, etc. | L. and Virginia Woolf, |
| Date of publication, distribution, etc. | 1937 [Reprinted 1947]. |
| 300 ## - PHYSICAL DESCRIPTION | |
| Pagination | 282 p., [16] leaves of plates : |
| Illustrations | ill., ports. ; |
| Size | 22 cm. |
| 500 ## - GENERAL NOTE | |
| General note | "First published 1937." |
| 600 10 - SUBJECT ADDED ENTRY--PERSONAL NAME | |
| Personal name | Durรกn y Ortega, Josefa, |
| Dates associated with a name | 1830-1871. |
| Personal name | Sackville, Victoria Josephine Sackville-West, |
| Titles and other words associated with a name | Lady, |
| Dates associated with a name | 1862-1936. |
| Personal name | Sackville, Lionel Sackville Sackville-West, |
| Titles and other words associated with a name | Baron, |
| Dates associated with a name | 1827-1908. |
| Personal name | Sackville-West, V |
| Fuller form of name | (Victoria), |
| Dates associated with a name | 1892-1962 |
| General subdivision | Family. |
| 650 #0 - SUBJECT ADDED ENTRY--TOPICAL TERM | |
| Topical term or geographic name as entry element | Dancers |
| Form subdivision | Biography. |
| 9 (RLIN) | 72984 |
| 942 ## - ADDED ENTRY ELEMENTS (KOHA) | |
| Source of classification or shelving scheme | Dewey Decimal Classification |
| Koha item type | Books |
| Lost status | Source of classification or shelving scheme | Damaged status | Not for loan | Collection code | Permanent Location | Current Location | Shelving location | Date acquired | Source of acquisition | Cost, normal purchase price | Total Checkouts | Full call number | Date last seen | Copy number | Koha item type |
|---|---|---|---|---|---|---|---|---|---|---|---|---|---|---|---|
| Dewey Decimal Classification | Added to bundle | Non-fiction | Central Library, University of Rajshahi | Central Library, University of Rajshahi | Reading Room | 06/04/1956 | A.B.C | 10.00 | 927.933 SAP 1947 | 11/03/2014 | C-1 | Books |